| 000 | 00787nam a22002417a 4500 | ||
|---|---|---|---|
| 999 |
_c11024 _d11024 |
||
| 003 | AR-CdUCM | ||
| 008 | 190402b ||||| |||| 00| 0 spa d | ||
| 040 |
_aMUNICIPALIDAD PROVINCIAL DEL CUSCO _cBIBLIOTECA MUNICIPAL DEL CUSCO |
||
| 082 |
_aC / 869.56 / _bB25P |
||
| 100 |
_aBarrionuevo, Roberto _93424 |
||
| 245 |
_aPhauchinta : _bNovela de la vida rural del Cuzco / |
||
| 260 |
_aCusco : _bGarcilaso, _c1960. |
||
| 300 |
_a250 páginas ; _c21 cm. |
||
| 505 | _aContenido: Novela. | ||
| 650 |
_aNovela Peruana _910636 |
||
| 650 |
_aNovelas de costumbres _9168 |
||
| 650 |
_aSiglo XX _98 |
||
| 650 |
_aCusco-Perú _913542 |
||
| 700 |
_aValcárcel , Luis Eduardo (invitación) _928139 |
||
| 700 |
_aYépez Miranda, Alfredo (prólogo) _928140 |
||
| 942 |
_2ddc _cLIBROS |
||
| 945 | _aachl | ||